[Event "Top 16 Groupe B"]
[Site "Chartres, France"]
[Date "2024.06.01"]
[Round "3.20"]
[White "Naiditsch, Arkadij"]
[Black "Lamard, Guillaume"]
[Result "1/2-1/2"]
[WhiteElo "2661"]
[BlackElo "2500"]
[PlyCount "88"]
[EventDate "2024.??.??"]

1. Nf3 {4} Nf6 {19} 2. g3 {10} c5 {7} 3. Bg2 {24} Nc6 {12} 4. O-O {16} e5 {28}
5. c4 {39} d5 {26} 6. cxd5 {10} Nxd5 {4} 7. Nc3 {12} Nc7 {19} 8. a3 {25} Rb8 {
35} 9. Ne1 {558} Be7 {197} 10. Nd3 {400} f6 {48} 11. b4 {106} c4 {735} 12. Nb2
{78} Be6 {24} 13. e3 {233} Qd7 {538} 14. Qe2 {159} b5 {59} 15. d3 {65} cxd3 {
131} 16. Qxd3 {28} Qxd3 {886} 17. Nxd3 {8} Nd8 {18} 18. f4 {232} O-O {253} 19.
fxe5 {463} Bc4 {101} 20. Rd1 {95} Nf7 {67} 21. Nb2 {332} Be6 {325} 22. exf6 {
109} Bxf6 {7} 23. Bd2 {554} Ng5 {685} 24. Rf1 {449} Rbd8 {121} 25. Be1 {15} Nd5
{174} 26. Nbd1 {394} Nxc3 {435} 27. Bxc3 {304} Rxd1 {94} 28. Raxd1 Bxc3 {67}
29. Bd5 {639} Bf6 {354} 30. h4 {169} Bxd5 {64} 31. hxg5 {15} Bc4 {36} 32. gxf6
{46} Bxf1 {9} 33. Kxf1 {341} Rxf6+ {93} 34. Ke2 {2} Ra6 {12} 35. Rd5 {85} Rxa3
{24} 36. Rxb5 {6} Kf7 {206} 37. Kf3 {9} Ra6 {233} 38. Rb7+ {23} Kf6 {34} 39. b5
{77} Rb6 {40} 40. Rxa7 {7} Rxb5 {6} 41. Ra6+ {4} Ke5 {133} 42. Ra7 {8} Kf6 {5}
43. Ra6+ {5} Ke5 {7} 44. Ra7 {4} Kf6 {6} 1/2-1/2

[Event "Top 16 Groupe B"]
[Site "Chartres, France"]
[Date "2024.06.01"]
[Round "3.21"]
[White "Giroyan, Gary"]
[Black "Bellahcene, Bilel"]
[Result "1/2-1/2"]
[WhiteElo "2412"]
[BlackElo "2519"]
[PlyCount "68"]
[EventDate "2024.??.??"]

1. d4 {15} e6 {343} 2. c4 {94} b6 {5} 3. Nc3 {294} Bb4 {60} 4. f3 {597} Bb7 {
159} 5. e3 {226} Qh4+ {25} 6. g3 {54} Bxc3+ {4} 7. bxc3 {3} Qe7 {11} 8. Bd3 {
500} f5 {174} 9. Nh3 {355} Nf6 {88} 10. Nf2 {6} d6 {72} 11. Qe2 {216} Nbd7 {16}
12. a4 {36} a5 {2} 13. Ba3 {1076} O-O {82} 14. O-O {358} Rae8 {25} 15. Rae1 {20
} Kh8 {168} 16. Bc1 {179} Qd8 {211} 17. e4 {268} fxe4 {10} 18. Nxe4 {26} Nxe4 {
109} 19. Bxe4 {17} Qa8 {480} 20. Qd3 {329} Nf6 {81} 21. Bxb7 {343} Qxb7 {4} 22.
Bg5 {2} Qc6 {229} 23. d5 {34} exd5 {393} 24. Bxf6 {4} gxf6 {10} 25. cxd5 {74}
Qxa4 {686} 26. Re6 {249} Rxe6 {333} 27. dxe6 {3} Qe8 {16} 28. Re1 {20} Qe7 {2}
29. f4 {251} f5 {894} 30. Qb5 {25} Kg7 {71} 31. c4 {89} Rf6 {94} 32. Qd7 {19}
Rf7 {13} 33. Qb5 {27} Rf6 {5} 34. Qd7 {5} Rf7 {3} 1/2-1/2

[Event "Top 16 Groupe B"]
[Site "Chartres, France"]
[Date "2024.06.01"]
[Round "3.22"]
[White "Maze, Sebastien"]
[Black "Ludwig, Remi"]
[Result "1-0"]
[WhiteElo "2561"]
[BlackElo "2222"]
[PlyCount "79"]
[EventDate "2024.??.??"]

1. d4 {28} Nf6 {39} 2. Nf3 {16} d5 {52} 3. Bf4 {59} c5 {128} 4. e3 {25} Nc6 {
127} 5. Nbd2 {9} Qb6 {275} 6. dxc5 {8} Qxb2 {57} 7. Rb1 {29} Qc3 {186} 8. Bb5 {
104} Qxc5 {1269} 9. c4 {150} e6 {660} 10. Ne5 {377} Bd7 {227} 11. Nxd7 {1121}
Nxd7 {11} 12. cxd5 {4} exd5 {204} 13. O-O {271} Be7 {167} 14. Qg4 {104} Nf6 {
1819} 15. Qxg7 {25} Rg8 {4} 16. Qh6 {9} Qc2 {26} 17. e4 {321} Qxa2 {238} 18. e5
{1655} Rg6 {48} 19. Qh3 {33} Nd7 {18} 20. Qxh7 {123} a6 {206} 21. Bd3 {27} Rg4
{125} 22. e6 {447} Rxf4 {94} 23. exd7+ {4} Kxd7 {39} 24. Rxb7+ {22} Kd6 {60}
25. Nf3 {95} Rb8 {32} 26. Rxb8 {189} Nxb8 {4} 27. Bf5 {211} Bf6 {56} 28. Re1 {
76} d4 {32} 29. Qg8 {79} Nc6 {37} 30. Qg3 {22} Be5 {42} 31. Nxe5 {39} Rxf5 {20}
32. Nxf7+ {96} Kc5 {6} 33. Nd6 {91} Rd5 {12} 34. Rc1+ {43} Kb6 {5} 35. Nc4+ {20
} Kb7 {87} 36. Qg7+ {19} Kb8 {16} 37. Qf8+ {117} Rd8 {8} 38. Qc5 {13} Rc8 {90}
39. Qb6+ {27} Ka8 {5} 40. Nd6 {31} 1-0

[Event "Top 16 Groupe B"]
[Site "Chartres, France"]
[Date "2024.06.01"]
[Round "3.23"]
[White "Bressac, Stephane"]
[Black "Le Roux, Jean-Pierre"]
[Result "0-1"]
[WhiteElo "2277"]
[BlackElo "2473"]
[PlyCount "110"]
[EventDate "2024.??.??"]

1. e4 {9} c5 {101} 2. Nf3 {28} Nc6 {8} 3. Bb5 {30} Nf6 {26} 4. Bxc6 {94} dxc6 {
26} 5. d3 {50} Bg4 {8} 6. Nbd2 {29} Nd7 {17} 7. h3 {23} Bh5 {47} 8. b3 {136} e5
{357} 9. Nf1 {340} f6 {434} 10. g4 {68} Bf7 {109} 11. Ng3 {43} Be7 {579} 12. h4
{476} Nf8 {505} 13. g5 {106} Ne6 {340} 14. gxf6 {24} gxf6 {519} 15. h5 {20} Qc7
{189} 16. Nh4 {323} O-O-O {101} 17. Nhf5 {149} Bf8 {200} 18. Bd2 {884} Rg8 {344
} 19. Qf3 {109} Ng5 {230} 20. Qe2 {42} a5 {368} 21. O-O-O {352} a4 {16} 22.
Bxg5 {500} Rxg5 {351} 23. c4 {96} Qa5 {257} 24. Qd2 {116} Qb4 {12} 25. Kc2 {159
} Kc7 {109} 26. Qc3 {521} Ra8 {100} 27. Ra1 {252} Rg4 {63} 28. Rhf1 {543} Be6 {
271} 29. Qd2 {307} Rf4 {413} 30. Qe3 {116} Rd8 {40} 31. f3 {67} Kc8 {100} 32.
Rfd1 {71} b5 {51} 33. Ne2 {78} Bxf5 {42} 34. Nxf4 {167} exf4 {5} 35. Qxf4 {4}
Bd7 {34} 36. Qxf6 {5} Re8 {38} 37. Rg1 {59} Be7 {70} 38. Qf7 {1} Qa3 {57} 39.
f4 {79} Bd8 {20} 40. e5 {88} Re7 {23} 41. Qf8 {218} Re8 {625} 42. Qh6 {137} Ba5
{656} 43. Qxh7 {1189} Qb4 {30} 44. Kb1 {26} Qd2 {291} 45. Rc1 {231} a3 {52} 46.
Rc2 {25} Qxf4 {20} 47. Qe4 {29} Qf1+ {75} 48. Rc1 {21} Qf2 {22} 49. Rc2 {15}
Qg1+ {22} 50. Rc1 {5} Qh2 {7} 51. Rc2 {10} Qxh5 {31} 52. b4 {8} Rxe5 {46} 53.
Qg2 {58} Bxb4 {51} 54. cxb5 {23} Qd1+ {18} 55. Rc1 {4} Qxd3+ {13} 0-1

[Event "Top 16 Groupe B"]
[Site "Chartres, France"]
[Date "2024.06.01"]
[Round "3.24"]
[White "Sebag, Marie"]
[Black "Choisy, Mathilde"]
[Result "1-0"]
[WhiteElo "2437"]
[BlackElo "2094"]
[PlyCount "55"]
[EventDate "2024.??.??"]

1. e4 {6} c5 {7} 2. Nf3 {12} e6 {6} 3. c3 {104} Nf6 {24} 4. e5 {41} Nd5 {76} 5.
d4 {314} cxd4 {8} 6. cxd4 {12} d6 {15} 7. Bc4 {52} Be7 {62} 8. O-O {76} O-O {64
} 9. Qe2 {296} Bd7 {89} 10. Nc3 {1064} Nxc3 {96} 11. bxc3 {5} Bc6 {16} 12. Bf4
{233} Qc7 {401} 13. Bd3 {327} Bxf3 {1662} 14. Qxf3 {17} Nc6 {130} 15. h4 {678}
dxe5 {61} 16. dxe5 {6} Rfd8 {219} 17. Rfe1 {124} Rd5 {616} 18. Be4 {757} Rc5 {
272} 19. Qg3 {122} Qa5 {185} 20. Re3 {83} Bf8 {309} 21. h5 {53} Kh8 {185} 22.
Rb1 {699} b5 {548} 23. h6 {194} g6 {12} 24. Bg5 {76} Kg8 {286} 25. Rd1 {49} Rc8
{37} 26. Bxc6 {99} R5xc6 {27} 27. Rd7 {25} R6c7 {372} 28. Bd8 {49} 1-0

[Event "Top 16 Groupe B"]
[Site "Chartres, France"]
[Date "2024.06.01"]
[Round "3.25"]
[White "Brunello, Sabino"]
[Black "Grandelius, Nils"]
[Result "1/2-1/2"]
[WhiteElo "2507"]
[BlackElo "2664"]
[PlyCount "86"]
[EventDate "2024.??.??"]

1. d4 {2} d5 {43} 2. c4 {12} c5 {55} 3. cxd5 {96} Nf6 {30} 4. Nf3 {236} cxd4 {
71} 5. Nxd4 {563} Nxd5 {51} 6. e4 {165} Nf6 {72} 7. f3 {335} e5 {378} 8. Bb5+ {
297} Bd7 {1258} 9. Bxd7+ {285} Qxd7 {25} 10. Nb3 {635} Bb4+ {351} 11. Bd2 {94}
Nc6 {231} 12. O-O {773} Rd8 {654} 13. Qe1 {286} Bxd2 {192} 14. N1xd2 {235} O-O
{61} 15. Nc4 {231} Qe6 {326} 16. Rc1 b6 {506} 17. Rf2 {164} g6 {241} 18. Rd2 {
430} Rxd2 {74} 19. Qxd2 {19} Rd8 {12} 20. Qc3 {37} Nd4 {96} 21. Nxd4 {120} exd4
{130} 22. Qd2 {59} Nh5 {810} 23. b3 {95} Qf6 {12} 24. e5 {248} Qf4 {43} 25. Rd1
{86} Rd5 {57} 26. Qxf4 {411} Nxf4 {2} 27. g3 {53} Ne2+ {151} 28. Kf1 {31} Nc3 {
72} 29. Rd2 {1} b5 {260} 30. Na5 {24} Rxe5 {64} 31. Nc6 {26} Re6 {58} 32. Nxd4
{69} Ra6 {2} 33. Rc2 {82} b4 {79} 34. a4 {12} bxa3 {80} 35. Rxc3 {18} a2 {3}
36. Nc2 {13} a1=Q+ {5} 37. Nxa1 {9} Rxa1+ {1} 38. Kg2 {39} Ra2+ {9} 39. Kh3 {5}
Ra3 {27} 40. g4 {22} Kg7 {7} 41. Kg3 {4} a5 {6} 42. Rc5 {6} a4 {6} 43. bxa4 {3}
Rxa4 {3} 1/2-1/2

[Event "Top 16 Groupe B"]
[Site "Chartres, France"]
[Date "2024.06.01"]
[Round "3.26"]
[White "Korobov, Anton"]
[Black "Kulaots, Kaido"]
[Result "1-0"]
[WhiteElo "2651"]
[BlackElo "2520"]
[PlyCount "55"]
[EventDate "2024.??.??"]

1. d4 {5} Nf6 {25} 2. c4 {7} g6 {7} 3. g3 {47} Bg7 {176} 4. Bg2 {89} O-O {19}
5. Nf3 {6} c6 {98} 6. O-O {13} d5 {5} 7. b3 {8} dxc4 {177} 8. bxc4 {119} c5 {5}
9. Bb2 {5} cxd4 {166} 10. Nxd4 {8} Qb6 {147} 11. Qc1 {71} Bd7 {90} 12. Nd2 {447
} Nc6 {83} 13. e3 {305} Rac8 {176} 14. Rb1 {399} Qa6 {410} 15. Re1 {1205} b6 {
1675} 16. Bc3 {250} Rfd8 {1211} 17. Rb3 {182} Be8 {235} 18. Qb2 {319} Na5 {663}
19. Ra3 {174} e5 {254} 20. N4b3 {194} Bf8 {115} 21. Bxe5 {116} Nd7 {137} 22.
Bd4 {46} Rb8 {104} 23. Bd5 {315} Rdc8 {104} 24. Ne4 {133} h6 {16} 25. Rc1 {127}
Kh7 {39} 26. Nxa5 {37} bxa5 {41} 27. Rb3 {5} a4 {24} 28. Rb7 {95} 1-0

[Event "Top 16 Groupe B"]
[Site "Chartres, France"]
[Date "2024.06.01"]
[Round "3.27"]
[White "Neiksans, Arturs"]
[Black "David, Alberto"]
[Result "1/2-1/2"]
[WhiteElo "2575"]
[BlackElo "2509"]
[PlyCount "159"]
[EventDate "2024.??.??"]

1. Nf3 Nf6 2. g3 b6 3. d4 Bb7 4. c4 e6 5. Bg2 Be7 6. O-O O-O 7. Re1 a5 8. Bf4
Bb4 9. Rf1 Be7 10. Qc2 c5 11. Nc3 cxd4 12. Nxd4 Bxg2 13. Kxg2 Qc8 14. Qd3 Nc6
15. e4 Nxd4 16. Qxd4 Qc6 17. f3 Nh5 18. Bd2 Rac8 19. b3 f5 20. Rad1 fxe4 21.
Qxe4 Nf6 22. Qxc6 Rxc6 23. Nb5 Kf7 24. Bf4 Ra8 25. Rfe1 a4 26. Re2 axb3 27.
axb3 Ra5 28. Be5 d5 {68} 29. Bxf6 {124} Bxf6 {111} 30. cxd5 {4} exd5 {5} 31.
Rxd5 {8} Kg6 {61} 32. h4 {168} h5 {10} 33. Rd6 {82} Rxd6 {133} 34. Nxd6 {3} Rd5
{12} 35. Ne4 {99} Rd3 {76} 36. b4 {14} Rb3 {122} 37. Nxf6 {8} gxf6 {74} 38. Re4
{3} Rb2+ {44} 39. Kh3 {38} Rf2 {34} 40. Re6 {101} b5 {39} 41. Rb6 {1356} Rxf3 {
50} 42. Rxb5 {14} Rf2 {106} 43. Rc5 {146} Rb2 {16} 44. Rc4 {5} f5 {52} 45. Rc6+
{7} Kg7 {10} 46. Rb6 {5} Kh7 {27} 47. Rf6 {66} Rxb4 {6} 48. Rxf5 {4} Kg6 {17}
49. Rf2 {4} Rb3 {50} 50. Kg2 {4} Ra3 {7} 51. Re2 {19} Kf5 {193} 52. Rd2 {82}
Rb3 {24} 53. Rd5+ {20} Kg6 {6} 54. Re5 {5} Ra3 {32} 55. Re6+ {30} Kg7 {20} 56.
Kf2 {12} Rb3 {79} 57. Re3 {20} Rb6 {66} 58. Re5 {101} Kg6 {56} 59. Kf3 {10} Kh6
{212} 60. Ke4 {63} Rg6 {22} 61. Kf4 {12} Rg4+ {9} 62. Kf3 {6} Rg6 {49} 63. Re8
{34} Rf6+ {86} 64. Ke4 {13} Rg6 {40} 65. Kf3 {26} Rf6+ {5} 66. Kg2 {4} Kg7 {23}
67. Re4 {17} Kh6 {33} 68. Rf4 {11} Ra6 {53} 69. Rf2 {24} Rb6 {35} 70. Re2 {14}
Rf6 {18} 71. Re3 {29} Kg6 {24} 72. Re4 {31} Kh6 {15} 73. Rf4 {20} Ra6 {10} 74.
Rf2 {35} Kg6 {10} 75. Rc2 {33} Rf6 {12} 76. Rc5 {9} Kh6 {10} 77. Rg5 {13} Rf8 {
13} 78. Ra5 {28} Rf6 {7} 79. Ra8 {11} Kg7 {13} 80. Ra5 {17} 1/2-1/2

[Event "Top 16 Groupe B"]
[Site "Chartres, France"]
[Date "2024.06.01"]
[Round "3.28"]
[White "Salgado Lopez, Ivan"]
[Black "Marcelin, Cyril"]
[Result "1-0"]
[WhiteElo "2608"]
[BlackElo "2452"]
[PlyCount "219"]
[EventDate "2024.??.??"]

1. c4 {3} e5 {27} 2. g3 {156} d5 {10} 3. cxd5 {74} Qxd5 {9} 4. Nf3 {11} Nc6 {45
} 5. Nc3 {82} Qd8 {15} 6. Bg2 {32} Nf6 {12} 7. O-O {138} h6 {6} 8. d3 {44} Bd6
{15} 9. a3 {82} a5 {169} 10. b3 {144} O-O {21} 11. Bb2 {6} Re8 {183} 12. Rc1 {
26} Bf5 {145} 13. Nd2 {147} Qd7 {217} 14. Re1 {46} Bh3 {1228} 15. Bh1 {62} h5 {
515} 16. Nf3 {795} Bg4 {445} 17. Nb5 {253} Ra6 {179} 18. Nxd6 {548} cxd6 {37}
19. h4 {210} Rb6 {138} 20. Nd2 {85} d5 {28} 21. Qc2 {18} Nd4 {611} 22. Bxd4 {
608} exd4 {3} 23. Nf3 {17} Bxf3 {812} 24. Bxf3 {23} Qb5 {470} 25. Qb2 {268}
Qxb3 {22} 26. Qxd4 {9} Rc6 {307} 27. a4 {216} Qb4 {224} 28. Qa1 {76} Rxc1 {42}
29. Rxc1 {10} b5 {2} 30. axb5 {70} Qxb5 {1} 31. Rb1 {51} Qa6 {139} 32. Qa4 {194
} Ra8 33. Rb5 {48} Qe6 {155} 34. Rxa5 {61} Rxa5 {5} 35. Qxa5 {9} g6 {5} 36. Qc5
{126} Kg7 {9} 37. Qd4 {133} Kg8 {22} 38. Kf1 {36} Kg7 {88} 39. Ke1 {26} Kg8 {46
} 40. Kd2 {68} Kg7 {76} 41. Kc3 {362} Qc6+ {298} 42. Kb4 {152} Qb7+ {12} 43.
Ka5 {109} Qa8+ {35} 44. Kb5 {50} Qe8+ {41} 45. Kb4 {78} Qb8+ {14} 46. Ka3 {12}
Qb5 {252} 47. Ka2 {41} Qa6+ {72} 48. Kb2 {92} Qb5+ {6} 49. Kc2 {23} Qc6+ {65}
50. Kd2 {12} Kg8 {252} 51. Qe5 {203} Kg7 {23} 52. e3 {281} Kg8 {163} 53. Bd1 {
310} Kg7 {46} 54. Bb3 {139} Qb6 {78} 55. Bd1 {158} Qc6 {18} 56. f3 {135} Kf8 {
229} 57. Bb3 {163} Qb6 {60} 58. Kc2 {25} Qc6+ {32} 59. Kb2 {53} Qb6 {75} 60.
Kc2 {473} Qc6+ {29} 61. Kd1 {42} Qb6 {41} 62. Bc2 {54} Qc6 {33} 63. Qd4 {75}
Qe6 {101} 64. Bb3 {57} Qc6 {153} 65. Kd2 {31} Kg8 {36} 66. e4 {264} dxe4 {21}
67. fxe4 {5} Ng4 {67} 68. Qd8+ {55} Kg7 {9} 69. Qe7 {18} Qf6 {43} 70. Qxf6+ {17
} Kxf6 {8} 71. d4 {18} Ke7 {210} 72. Bd1 {8} Nh6 {57} 73. Ke3 {23} f6 {12} 74.
Kf4 {58} Nf7 {92} 75. Bc2 {111} Nd8 {191} 76. Bb3 {206} Nc6 {5} 77. Ke3 {7} Na7
{66} 78. Ba4 {27} Nc8 {2} 79. Bc2 {60} Kf7 {69} 80. Bb3+ {69} Ke7 {3} 81. e5 {
76} fxe5 {49} 82. dxe5 {8} Nb6 {125} 83. Kf4 {34} Nd7 {28} 84. Bc2 {54} Kf7 {30
} 85. Bb3+ {184} Ke7 {12} 86. Ba2 {23} Nc5 {46} 87. Bc4 {6} Nd7 {6} 88. Bd5 {33
} Kf8 {59} 89. e6 {244} Nf6 {1} 90. Be4 {15} Ke7 {50} 91. Bxg6 {6} Kxe6 {5} 92.
Bf5+ {8} Kf7 {66} 93. Kg5 {17} Kg7 {11} 94. Bg6 {49} Nd5 {46} 95. Bxh5 {16} Ne3
{22} 96. Be2 {31} Kh7 {46} 97. Kf4 {161} Ng2+ {2} 98. Kg4 {15} Kh6 {15} 99. Bd3
{16} Kg7 {24} 100. Be4 {18} Ne3+ {12} 101. Kf4 {9} Nc4 {76} 102. g4 {13} Kh6 {
45} 103. g5+ {80} Kh5 {6} 104. Bf3+ {11} Kg6 {41} 105. h5+ {6} Kh7 {39} 106.
Be4+ {29} Kh8 {10} 107. h6 {61} Nd6 {26} 108. g6 {11} Nf7 {66} 109. g7+ {24}
Kg8 {7} 110. Bd5 {6} 1-0

[Event "Top 16 Groupe B"]
[Site "Chartres, France"]
[Date "2024.06.01"]
[Round "3.29"]
[White "Dionisi, Thomas"]
[Black "Velten, Paul"]
[Result "0-1"]
[WhiteElo "2396"]
[BlackElo "2488"]
[PlyCount "162"]
[EventDate "2024.??.??"]

1. e4 {2} c6 {24} 2. Nc3 {14} d5 {17} 3. Nf3 {15} Bg4 {100} 4. h3 {15} Bxf3 {51
} 5. Qxf3 {6} e6 {39} 6. Be2 {18} Nd7 {159} 7. O-O {210} Bc5 {819} 8. Rd1 {213}
Bd4 {334} 9. d3 {64} Ne7 {43} 10. Bf1 {1502} O-O {635} 11. Ne2 {209} Bb6 {269}
12. exd5 {622} exd5 {279} 13. d4 {39} Bc7 {347} 14. Re1 {460} Ng6 {359} 15. g3
{719} Re8 {83} 16. h4 {115} h6 {321} 17. Bh3 {255} Nf6 {64} 18. Be3 {43} Ne4 {
56} 19. Bf5 {123} Nf8 {314} 20. h5 {615} Nd7 {192} 21. Nf4 {134} Ndf6 {38} 22.
Nd3 {45} Bd6 {212} 23. Re2 {90} Qa5 {40} 24. a3 {43} Re7 {37} 25. Rae1 {177}
Rae8 {7} 26. Kg2 {84} Qb5 {14} 27. g4 {161} a5 {17} 28. Bf4 {59} Kf8 {374} 29.
Qe3 {136} Kg8 {331} 30. Qf3 {108} Kf8 {110} 31. Qe3 {17} Kg8 {80} 32. Qc1 {42}
Bxf4 {201} 33. Qxf4 {8} Qb6 {2} 34. f3 {55} Qxd4 {5} 35. fxe4 {33} dxe4 {1} 36.
Nf2 {13} Nd5 {18} 37. Qg3 {46} e3 {262} 38. Nd3 {2} b5 {15} 39. Qf3 {53} b4 {38
} 40. axb4 {25} axb4 {4} 41. Rf1 {321} c5 {300} 42. Nf4 {217} Nf6 {37} 43. b3 {
145} c4 {70} 44. bxc4 {146} Qxc4 {18} 45. Rd1 {65} Re5 {113} 46. Rd3 {357} Qc5
{24} 47. Rb3 {41} Qe7 {63} 48. Nd3 {58} Rb5 {43} 49. c3 {179} Nxh5 {200} 50.
gxh5 {229} Qg5+ {4} 51. Bg4 {16} f5 {3} 52. Rxb4 {31} Rxb4 {19} 53. Nxb4 {188}
Re4 {10} 54. Qxe4 {7} fxe4 {6} 55. Kh3 {8} g6 {57} 56. hxg6 {273} h5 {4} 57.
Be6+ {7} Kg7 {16} 58. Nc2 {28} Qf4 {135} 59. Nd4 {37} Kxg6 {42} 60. Rg2+ {51}
Kf6 {16} 61. Bf5 {35} Ke5 {28} 62. Bg6 {30} Qh6 {152} 63. Bf5 {31} Kd5 {18} 64.
Ne2 {29} Kc4 {45} 65. Bg6 {31} h4 {49} 66. Bf5 {25} Kd3 {31} 67. Bg4 {9} Qf6 {
32} 68. Rg1 {45} Kd2 {370} 69. Rc1 {34} Qe5 {266} 70. c4 {15} Qc5 {2} 71. Kxh4
{49} Qe7+ {5} 72. Kh3 {6} Qc5 {3} 73. Rc3 {37} Ke1 {9} 74. Kg2 {46} Kd2 {14}
75. Rc1 {22} Qg5 {17} 76. Kh3 {13} Qh6+ {25} 77. Kg2 {29} Qh4 {31} 78. Bh3 {59}
Qf2+ {27} 79. Kh1 {3} Qxe2 {31} 80. Rg1 {20} Qf3+ {10} 81. Rg2+ {24} e2 {12}
0-1

[Event "Top 16 Groupe B"]
[Site "Chartres, France"]
[Date "2024.06.01"]
[Round "3.30"]
[White "Guilleux, Fabien"]
[Black "Brochet, Philippe"]
[Result "1/2-1/2"]
[WhiteElo "2374"]
[BlackElo "2399"]
[PlyCount "83"]
[EventDate "2024.??.??"]

1. d4 {3} d5 {10} 2. c4 {8} e6 {10} 3. Nf3 {19} dxc4 {35} 4. e3 {277} b5 {97}
5. a4 {107} b4 {12} 6. Bxc4 {80} Nf6 {11} 7. O-O {45} Be7 {12} 8. Nbd2 {660}
Bb7 {67} 9. Qe2 {280} O-O {161} 10. a5 {673} c5 {265} 11. a6 {226} Bc6 {207}
12. e4 {387} cxd4 {343} 13. e5 {156} Nd5 {33} 14. Nb3 {59} Nd7 {1255} 15. Nbxd4
{762} Rc8 {288} 16. Nxc6 {34} Rxc6 {9} 17. Bxd5 {367} exd5 {19} 18. Rd1 {33}
Nc5 {1256} 19. Be3 {152} h6 {864} 20. Nd4 {747} Rc7 {389} 21. Nf5 {257} Ne6 {8}
22. Qf3 {197} Bc5 {284} 23. Rxd5 {117} Qa8 {178} 24. Rad1 {25} Bxe3 {59} 25.
Qxe3 {16} Qc6 {24} 26. Qg3 {300} Kh8 {113} 27. Qg4 {10} Qxa6 {130} 28. Qxb4 {25
} Qe2 {56} 29. Re1 {104} Qh5 {42} 30. Nd4 {71} Rfc8 {15} 31. Nxe6 {71} fxe6 {2}
32. Rdd1 {8} Rc2 {36} 33. Qe7 {37} Qf5 {63} 34. Qxa7 {42} Rxb2 {34} 35. Qd4 {71
} Rcc2 {18} 36. Rf1 {7} Re2 {30} 37. Rde1 {43} Rbd2 {37} 38. Qc5 {33} Kh7 {25}
39. h3 {34} Rc2 {37} 40. Qd4 {40} h5 {30} 41. Rxe2 {1271} Rxe2 {11} 42. Qa1 {14
} 1/2-1/2

[Event "Top 16 Groupe B"]
[Site "Chartres, France"]
[Date "2024.06.01"]
[Round "3.31"]
[White "Chabanon, Jean-Luc"]
[Black "Lucas, Arthur"]
[Result "1/2-1/2"]
[WhiteElo "2400"]
[BlackElo "2323"]
[PlyCount "30"]
[EventDate "2024.??.??"]

1. Nf3 {61} d5 {12} 2. g3 {22} Nc6 {17} 3. c4 {48} dxc4 {735} 4. Bg2 {396} e5 {
278} 5. Qa4 {148} Bd6 {54} 6. Qxc4 {362} Nf6 {115} 7. O-O {1053} h6 {190} 8. d4
{534} O-O {574} 9. dxe5 {613} Nxe5 {10} 10. Nxe5 {6} Bxe5 {5} 11. Nc3 {21} c6 {
265} 12. Be3 {79} Be6 {147} 13. Qb4 {351} Bxc3 {712} 14. Qxc3 {516} Nd5 {65}
15. Bxd5 {640} Qxd5 {136} 1/2-1/2

[Event "Top 16 Groupe B"]
[Site "Chartres, France"]
[Date "2024.06.01"]
[Round "3.32"]
[White "Afraoui, Anaelle"]
[Black "Monpeurt, Cyrielle"]
[Result "1-0"]
[WhiteElo "2145"]
[BlackElo "2158"]
[PlyCount "112"]
[EventDate "2024.??.??"]

1. e4 {6} e5 {8} 2. Nf3 {19} Nc6 {6} 3. Bb5 {11} a6 {19} 4. Ba4 {18} Nf6 {19}
5. O-O {33} Be7 {19} 6. Re1 {30} b5 {19} 7. Bb3 {9} O-O {10} 8. a4 {81} b4 {10}
9. d4 {108} d6 {16} 10. dxe5 {71} dxe5 {14} 11. Nbd2 {31} Bc5 {12} 12. a5 {59}
h6 {66} 13. Qe2 {117} Qe7 {28} 14. Bc4 {105} Rd8 {306} 15. Nb3 {115} Ba7 {6}
16. Be3 {299} Bxe3 {1078} 17. Qxe3 {30} Be6 {360} 18. Qe2 {1125} Rd6 {1159} 19.
Bxe6 {496} Qxe6 {209} 20. Rad1 {273} Nh5 {542} 21. g3 {1037} Rad8 {424} 22.
Rxd6 {559} Rxd6 {4} 23. Nh4 {25} g6 {443} 24. Qxa6 {326} Qg4 {443} 25. Qe2 {109
} Qxe2 {11} 26. Rxe2 {4} Rd1+ {2} 27. Kg2 {14} Rb1 28. Rd2 {711} Nf6 {138} 29.
a6 {213} Rxb2 {12} 30. Na5 {71} Na7 {248} 31. Rd8+ {72} Kg7 {3} 32. Ra8 {102}
Ra2 {5} 33. Rxa7 {11} Rxa5 {5} 34. Nf3 {37} Nxe4 {82} 35. Rxc7 {22} Rxa6 {192}
36. Nxe5 {7} Nd6 {7} 37. Rc6 {62} Rxc6 {224} 38. Nxc6 {4} Kf6 {2} 39. Kf3 {28}
Ke6 {99} 40. Nxb4 {42} f5 {176} 41. Ke3 {278} g5 {211} 42. Kd4 {253} Nb5+ {190}
43. Kd3 {44} Kd6 {175} 44. c4 {197} Nc7 {6} 45. Nc2 {56} Ne6 {322} 46. Nd4 {67}
Nc5+ {6} 47. Ke3 {5} Ke5 {46} 48. Nf3+ {42} Kd6 {56} 49. h4 {628} g4 {362} 50.
Ne1 {48} Ne4 {116} 51. Nd3 {45} Ke6 {116} 52. Kd4 {59} Nd6 {91} 53. Nc5+ {37}
Kf6 {78} 54. Kd5 {12} Ke7 {15} 55. Nd3 {38} Ne4 {159} 56. c5 {41} Nc3+ {170}
1-0

[Event "Top 16 Groupe B"]
[Site "Chartres, France"]
[Date "2024.06.02"]
[Round "4.1"]
[White "Nijboer, Friso"]
[Black "Salgado Lopez, Ivan"]
[Result "1/2-1/2"]
[WhiteElo "2471"]
[BlackElo "2608"]
[PlyCount "29"]
[EventDate "2024.??.??"]

1. e4 {4} c6 {7} 2. d4 {14} d5 {8} 3. e5 {7} Bf5 {8} 4. h4 {7} h5 {15} 5. Bd3 {
7} Bxd3 {20} 6. Qxd3 {7} e6 {14} 7. Nf3 {9} Nd7 {39} 8. O-O {1269} Be7 {57} 9.
g3 {1929} Rc8 {32} 10. c4 {332} dxc4 {183} 11. Qxc4 {36} Nb6 {36} 12. Qe2 {23}
Nh6 {36} 13. Bxh6 {483} Rxh6 {64} 14. Nc3 {2} Kf8 {77} 15. Ne4 {105} 1/2-1/2

[Event "Top 16 Groupe B"]
[Site "Chartres, France"]
[Date "2024.06.02"]
[Round "4.2"]
[White "Grandelius, Nils"]
[Black "Jianu, Vlad-Cristian"]
[Result "1-0"]
[WhiteElo "2664"]
[BlackElo "2482"]
[PlyCount "79"]
[EventDate "2024.??.??"]

1. e4 {25} c6 {9} 2. d4 {30} d5 {7} 3. e5 {45} Bf5 {31} 4. c4 {86} e6 {64} 5.
Nc3 {18} dxc4 {71} 6. Bxc4 {42} Nd7 {6} 7. Nge2 {40} Ne7 {97} 8. Ng3 {208} Nb6
{79} 9. Bb3 {26} Bg6 {46} 10. O-O {83} Qd7 {512} 11. Be3 {102} Ned5 {274} 12.
h4 {428} h6 {540} 13. h5 {152} Bh7 {5} 14. Nce4 {587} Be7 {677} 15. Qg4 {499}
g5 {313} 16. Bd2 {559} O-O-O {635} 17. Rfd1 {211} Kb8 {206} 18. a4 {1035} f5 {
226} 19. exf6 {3} Nxf6 {5} 20. Qe2 {123} Nxe4 {40} 21. Nxe4 {2} Bxe4 {72} 22.
Qxe4 {3} Nd5 {7} 23. Re1 {241} Bf6 {27} 24. Rad1 {31} Rhe8 {120} 25. Ba5 {65}
Rc8 {490} 26. g3 {269} Qg7 {200} 27. Qg4 {485} Qf7 {727} 28. Re2 {12} e5 {81}
29. dxe5 {200} Rxe5 {4} 30. Rxe5 {226} Bxe5 {6} 31. Rd2 {237} Qf6 {335} 32.
Bxd5 {20} cxd5 {4} 33. Rxd5 {17} Bxb2 {7} 34. Bb4 {214} Rc1+ {353} 35. Kg2 {25}
Rc2 {44} 36. Bd6+ {51} Ka8 {4} 37. Rd2 {49} Qc3 {93} 38. Qe4 {59} Qc6 {11} 39.
Qxc6 {16} Rxc6 {3} 40. Bf8 {37} 1-0